LEADER 02124nam0 22004093i 450 001 NAP0400928 005 20251003044249.0 010 $a9788849819175 100 $a20080513d2007 ||||0itac50 ba 101 | $aita 102 $ait 181 1$6z01$ai $bxxxe 182 1$6z01$an 183 1$6z01$anc$2RDAcarrier 200 1 $aˆIl ‰pensiero politico di Gaetano Filangieri$euna analisi critica$fGaetano Pecora 210 $aSoveria Mannelli$cRubbettino$d2007 215 $a252 p.$d22 cm. 225 | $aSaggi$v191 225 | $aStoria e società 410 0$1001CFI0053075$12001 $aSaggi$v191 410 0$1001CFI0752872$12001 $aStoria e società 606 $aFILANGIERI, GAETANO$xPensiero politico$2FIR$3NAPC029383$9I 676 $a320.092$9SCIENZA POLITICA. Persone$v21 676 $a340.1092$9DIRITTO. FILOSOFIA E TEORIA. PERSONE$v20 700 1$aPecora$b, Gaetano$3CFIV069119$4070$0156291 801 3$aIT$bIT-000000$c20080513 850 $aIT-BN0095 $aIT-NA0601 $aIT-NA0079 $aIT-NA0070 901 $bNAP 01$cLT $n$ 901 $bNAP 01$cLTCAL $n$ 901 $bNAP BN$cMAGAZZINO $nmagazzini correnti divisi per anni 901 $bNAP 93$cECO $nEconomia e Finanza 901 $bNAP BU$c4 B $nPropedeutica. Formato cm. 20,1-28. 912 $aNAP0400928 950 0$aBiblioteca Centralizzata di Ateneo$d 01LT (C) 20 B 655$e 01C 0800206555 VMA 1 v.$fY $h20121004$i20121004$d 01LT (C) 20 B 656$e 01C 0800206565 VMA (bis 1 v. (2. copia)$fY $h20121004$i20121004$d 01LT (C) 20 B 657$e 01C 0800206575 VMA (ter 1 v. (3. copia)$fB $h20121004$i20121004$d 01LTCAL (S) 3 B 272$e 01S 0090032725 VMA 1 v.$fY $h20140321$i20140321$c1 v.$d 01LTCAL (S) 3 B 271$e 01S 0090032715 VMA 1 v.$fB $h20140321$i20140321 977 $a 01$a 93$a BN$a BU 996 $aPensiero politico di Gaetano Filangieri$965628 997 $aUNISANNIO